[Event "Syre Memorial op 27th"]
[White "Karila, Marc"]
[Black "Guerin, Francois"]
[Site "Issy les Moulineaux"]
[Round "1"]
[Result "1/2-1/2"]
[Date "2004.05.20"]
[WhiteElo "2014"]
[BlackElo "2145"]
[PlyCount "64"]
[EventDate "2004.05.20"]
[EventType "swiss"]
[EventRounds "6"]
[EventCountry "FRA"]
[SourceTitle "CBM 100 Extra"]
[Source "ChessBase"]
[SourceDate "2004.07.06"]
[SourceVersion "2"]
[SourceVersionDate "2004.07.06"]
[SourceQuality "1"]

1. e4 e5 2. Nf3 Nf6 3. Nxe5 d6 4. Nf3 Nxe4 5. d4 d5 6. Bd3 Bd6 7. c4 c6 8. 0-0 0-0 9. Re1 f5 10. Nc3 Be6 11. Qb3 Qd7 12. cxd5 cxd5 13. Nb5 Nc6 14. Nxd6 Nxd6 15. Ne5 Nxe5 16. Rxe5 Nc4 17. Re2 Na5 18. Qb5 Nc6 19. Qc5 f4 20. f3 a6 21. Bd2 Bf5 22. Bxf5 Qxf5 23. Rae1 Rad8 24. Bc3 Qd7 25. Qb6 Kf7 26. Bb4 Rfe8 27. Rxe8 Rxe8 28. Rxe8 Kxe8 29. Qc5 Qf5 30. h3 Qb1+ 31. Kh2 Qf5 32. Kg1 Qb1+ 1/2-1/2

[Event "Paris Apsap op 58th"]
[White "San Marco, Jean"]
[Black "Karila, Marc"]
[Site "Paris"]
[Round "6"]
[Result "0-1"]
[Date "2002.??.??"]
[WhiteElo "2131"]
[BlackElo "2030"]
[PlyCount "87"]
[EventDate "2003.01.27"]
[EventType "swiss"]
[EventRounds "9"]
[EventCountry "FRA"]
[SourceTitle "EXT 2004"]
[Source "ChessBase"]
[SourceDate "2003.11.25"]
[SourceVersion "1"]
[SourceVersionDate "2003.11.25"]
[SourceQuality "1"]

1. d4 d5 2. Nf3 Nf6 3. Bf4 Bf5 4. e3 e6 5. c3 Bd6 6. Bg3 Ne4 7. Nbd2 Nxg3 8. hxg3 Nd7 9. Nh4 c6 10. Nxf5 exf5 11. Bd3 g6 12. g4 fxg4 13. Qxg4 f5 14. Bxf5 gxf5 15. Qh5+ Ke7 16. Qg5+ Ke8 17. Qh5+ Ke7 18. Qxf5 Nf6 19. 0-0-0 Qd7 20. Qd3 Raf8 21. Rh6 Kd8 22. f3 Rhg8 23. g4 Rf7 24. Rdh1 Bf8 25. R6h3 Qe6 26. e4 dxe4 27. Nxe4 Nxe4 28. fxe4 Qxa2 29. Qg3 Kc8 30. Rxh7 Bg7 31. R7h5 Rgf8 32. R5h2 Rf1+ 33. Rxf1 Rxf1+ 34. Kc2 Qa4+ 35. Kd3 Qb5+ 36. Kc2 Qa4+ 37. Kd3 Qd1+ 38. Ke3 Qc1+ 39. Ke2 Qd1+ 40. Ke3 Qc1+ 41. Ke2 Rg1 42. Qd6 Qxb2+ 43. Ke3 Qxc3+ 44. Kf4 0-1